Oliver twist / (Record no. 1128)

MARC details
000 -LEADER
fixed length control field 00564nam a22001937a 4500
005 - DATE AND TIME OF LATEST TRANSACTION
control field 20230215072859.0
008 - FIXED-LENGTH DATA ELEMENTS--GENERAL INFORMATION
fixed length control field 230215b |||||||| |||| 00| 0 eng d
020 ## - INTERNATIONAL STANDARD BOOK NUMBER
International Standard Book Number 1-84665-114-x
082 ## - DEWEY DECIMAL CLASSIFICATION NUMBER
Classification number Fic. D548o 2006
100 ## - MAIN ENTRY--PERSONAL NAME
Personal name Dickens, Charles
Relator term author
245 ## - TITLE STATEMENT
Title Oliver twist /
Statement of responsibility, etc. Charles Dickens
250 ## - EDITION STATEMENT
Edition statement 1st ed.
260 ## - PUBLICATION, DISTRIBUTION, ETC.
Place of publication, distribution, etc. London:
Name of publisher, distributor, etc. Charles Baker Books,
Date of publication, distribution, etc. c2006
300 ## - PHYSICAL DESCRIPTION
Extent 136p.:
Other physical details col. ill.
541 ## - IMMEDIATE SOURCE OF ACQUISITION NOTE
Accession number 4934 c.1, 4935 c.2
650 ## - SUBJECT ADDED ENTRY--TOPICAL TERM
Topical term or geographic name entry element Orphan - Juvenile fiction
650 ## - SUBJECT ADDED ENTRY--TOPICAL TERM
Topical term or geographic name entry element Poverty - Juvenile fiction
650 ## - SUBJECT ADDED ENTRY--TOPICAL TERM
Topical term or geographic name entry element Criminals - Juvenile fiction
Holdings
Withdrawn status Lost status Source of classification or shelving scheme Damaged status Not for loan Home library Current library Date acquired Total Checkouts Full call number Barcode Date last seen Copy number Price effective from Koha item type
    Dewey Decimal Classification     ctu-moalboal ctu-moalboal 10/19/2016   Fic. D548o 2006 4934 02/15/2023 1 02/15/2023 Books-Fiction
    Dewey Decimal Classification     ctu-moalboal ctu-moalboal 10/19/2016   Fic. D548o 2006 4935 02/15/2023 2 02/15/2023 Books-Fiction